Allgemeine verkehrsgeographie /

Bibliographic Details
Main Author: Hassert, Kurt, 1868-1947
Format: Book
Language:German
Published: Berlin [etc.] : W. de Gruyter & co., 1931.
Edition:2., vollig umgearb. aufl. ...
Subjects:

MARC

Tag First Indicator Second Indicator Subfields
LEADER 00000cam a2200000 4500
001 in00000076448
005 20151008052711.0
008 800514s1931 gw ab b 00010 ger
010 |a  32002343  
035 |a (OCoLC)06314464 
035 |9 AAH4523AM 
040 |a DLC  |c TXA  |d UtOrBLW 
049 |a TXAM  |v 1 [180551]  |v 2 [180552] 
050 0 |a HE323  |b .H3 1931 
082 0 |a 380 
092 |a 380  |b H355a 
100 1 |a Hassert, Kurt,  |d 1868-1947. 
245 1 0 |a Allgemeine verkehrsgeographie /  |c von Kurt Hassert. 
250 |a 2., vollig umgearb. aufl. ... 
264 1 |a Berlin [etc.] :  |b W. de Gruyter & co.,  |c 1931. 
300 |a 2 volumes :  |b illustrations (maps) diagrams ;  |c 24 cm. 
336 |a text  |b txt  |2 rdacontent 
337 |a unmediated  |b n  |2 rdamedia 
338 |a volume  |b nc  |2 rdacarrier 
504 |a "Literatur": volume 2, pages [301]-347. 
650 0 |a Transportation. 
650 0 |a Communication and traffic. 
650 0 |a Commercial geography. 
999 |a MARS 
999 f f |s c73001e1-ed2e-3dbe-8751-01bd50bfdbc8  |i 969d1466-0b2c-385e-9acd-c1148a4b0c1f  |t 0 
952 f f |p ric  |a Texas A&M University  |b Rellis Campus  |c Joint Library Facility  |d Remote Storage  |t 0  |e HE323 .H3 1931  |h Library of Congress classification  |i unmediated -- volume  |k v.2  |m A14800871149 
952 f f |p ric  |a Texas A&M University  |b Rellis Campus  |c Joint Library Facility  |d Remote Storage  |t 0  |e HE323 .H3 1931  |h Library of Congress classification  |i unmediated -- volume  |k v.1  |m A14800871131 
998 f f |a HE323 .H3 1931  |s v.2  |t 0  |l Remote Storage 
998 f f |a HE323 .H3 1931  |s v.1  |t 0  |l Remote Storage